Sports Quiz

Random Sports or Auto Racing Quiz

Formula 1 retirements 09 season Quiz Stats

Quiz not verified by Sporcle

Challenge
Share
Tweet
Embed
Score 0/67 Timer 10:00
0 Plays Today
Track Retiree % Correct
Sebastien Vettel
95.8%
Sebastien Vettel
95.8%
Felipe Massa
95.5%
Fernando Alonso
95.1%
Fernando Alonso
94.3%
Sebastien Vettel
92.8%
Jenson Button
92.8%
ItalyMark Webber
92.3%
BrazilFernando Alonso
92%
Europe (Valencia)Sebastien Vettel
90.7%
Mark Webber
90.2%
Jarno Trulli
89%
HungaryAdrian Sutil
88.4%
Adrian Sutil
88.1%
Kimi Raikkonen
87.9%
Kimi Raikkonen
87.7%
TurkeyGiancarlo Fisichella
87%
MalaysiaHeikki Kovalainen
86.4%
Kimi Raikkonen
86.4%
Robert Kubica
86%
Nelsinho Piquet
85.9%
Sebastien Buemi
85.8%
Jarno Trulli
85.8%
AustraliaHeikki Kovalainen
85.6%
Jarno Trulli
85.6%
Heikki Kovalainen
85.6%
Robert Kubica
85.3%
Giancarlo Fisichella
85.2%
Romain Grosjean
85%
Felipe Massa
84.7%
Heikki Kovalainen
84.7%
Robert Kubica
84.3%
Rubens Barrichello
83.9%
Adrian Sutil
83.7%
Track Retiree % Correct
Nick Heidfeld
83.6%
BelgiumJaime Alguersuari
83.1%
Abu DhabiJaime Alguersuari
83.1%
Sebastien Buemi
82.8%
Lewis Hamilton
81.8%
Jaime Alguersuari
81.1%
Heikki Kovalainen
80.6%
MonacoSebastien Buemi
80.4%
SpainAdrian Sutil
80%
Kazuki Nakajima
79.1%
BahrainKazuki Nakajima
79.1%
Nico Rosberg
79.1%
Adrian Sutil
78.8%
SingaporeRomain Grosjean
78.2%
UKSebastien Bourdais
77.9%
GermanySebastien Bourdais
77.9%
Sebastien Bourdais
76.6%
Sebastien Buemi
75.8%
Robert Kubica
75.1%
Kazuki Nakajima
72.6%
Sebastien Buemi
71.9%
JapanSebastien Buemi
71.9%
Sebastien Vettel
71%
Jaime Alguersuari
69.5%
Kazuki Nakajima
68.7%
Kazuki Nakajima
68.7%
ChinaJarno Trulli
67.1%
Vitantonio Liuzzi
62.5%
Nelsinho Piquet
60.6%
Jaime Alguersuari
56.1%
Lewis Hamilton
53.5%
Adrian Sutil
48.3%
Nick Heifeld
44%

You're not logged in!

Compare scores with friends on all Sporcle quizzes.
Join for Free
OR
Log In

You Might Also Like...

Show Comments

Extras

Top Quizzes Today


Score Distribution

Your Account Isn't Verified!

In order to create a playlist on Sporcle, you need to verify the email address you used during registration. Go to your Sporcle Settings to finish the process.

Report this User

Report this user for behavior that violates our Community Guidelines.

Details: